01375nam a2200325   4500003000900000005001700009008004100026017001300067020001800080040004600098041001300144082002700157092000700184099003500191100003100226245012700257246002800384264010000412300003400512336002200546337002400568338003300592546008100625650005400706856005700760905001700817942001900834999001700853952017900870EG-GICUC20260121101145.0251105s2016    ua ||| fr|||| 00| 0 ara d  a20161653  a9789777512015  a EG-GICUCbarac EG-GICUCd EG-GICUCerda  aaraaeng04221a341.48bس ا . ق04221  aLaw1 11	341.48 س ا . ق	20160 aسالى سامىeمعد.10aقاموس حقوق الانسان :bعربى - انجليزى : انجليزى - عربى/cاعداد سالى سامى  aHuman Rights Dictionary 1aالقاهرة :bالشبكة العربية لمعلومات حقوق الانسان ،c2016  a(206:202)صفحة ؛c21 سم  2rda contentatext  2rda mediaaComputer  2rda carrieraOnline Resource  aالنص موازٍ باللغتين العربية والإنجليزية1 a حقوق الإنسان -- قانون دولي40uhttps://fll.law.cu.edu.eg/fulltext/bks/B11-06392.pdf  aRawan khaled  2ddcn0cBKe21  c41033d41033  00102ddc40718القانون الدولي العامaCUbLAW1d2025-11-05l0oLaw1 11	341.48 س ا . ق	2016 1106392	C1pB11-06392r2025-11-05 11:14:50t1w2025-11-05yBK